1969 1141 1355 1381 1478 1936 1418 1055 1786 1067 1542 1180 1213 1460 1364 1918 1376 1590 1000 1694 1372 1157 1463 1720 1856 1016 1621 1768 1764 1317 1307 1460 1294 1416 1020 1772 1740 1182 1142 1453 1689 1395 1666 1144 1390 1557 1697 1382 1066 1284 1908 1479 1986 1852 1563 1125 1774 1562 1683 1869 1167 1771 1442 1854 1951 1596 1193 1506 1736 1305 1662 1551 1951 1875 1819 1706 1168 1849 1629 1119 1841 1437 1790 1212 1300 1825 1948 1397 1488 1531 1014 1291 1714 1794 1843 1922 1629 1717 1301 BCNSPRNW ULIB Ver.6.0+V

เปลี่ยนเป็นภาษาไทย

Change to English
 แสดงรายละเอียดบรรณานุกรม
  กลับหน้าหลัก

Brief Record : Get Marc (ISO 2709) : E-mail record : QR code < ปิดหน้าต่าง
LEADER : 00000nam 2200000uu 4500
001    13399125947
003     ULIB
008    171121s2556||||th 000 0 tha d
020    ^a9786163270399
050 04 ^aA.^bจ535ห
100 0  ^aจิราภรณ์ วิหวา
245 10 ^aเหมียวอินเจแปน :^bทริปเที่ยวญี่ปุ่นแบบมุ่งแต่แมว /^cจิราภรณ์ วิหวา, สลิลา มหันต์เชิดชูวงศ์
250    ^aพิมพ์ครั้งที่ 1
260    ^aกรุงเทพฯ :^bโพลก้าดอต, ^c2556
300    ^a199, [8] หน้า :^bภาพประกอบสี ;^c17 ซม.
490 0  ^aหนังสือลายจุด ;^vลำดับที่ 035
500    ^aชื่อเรื่องจากปกนอก
650  7 ^aแมว^zญี่ปุ่น
651  7 ^aญี่ปุ่น^xภูมิประเทศและการท่องเที่ยว.
651  7 ^aญี่ปุ่น^xความเป็นอยู่และประเพณี.
700 0  ^aสลิลา มหันต์เชิดชูวงศ์
945    ^p0^l0^i003388
999    ^aประนอม เกษจรัล
รายการนี้ยังไม่มีแท็ก
คุณยังไม่ได้ล็อกอิน คุณสามารถมีกิจกรรมร่วมกับเว็บไซต์ได้ แต่ต้องล็อกอินก่อน ::
  ล็อกอิน

รายการสื่อสารสนเทศ

ลำดับที่ ประเภท เลขเรียก/บาร์โค้ด สถานที่ สถานะ
1. วิทยาศาสตร์การแพทย์ และสุขภาพ
วิทยาศาสตร์การแพทย์ และสุขภาพ
A. จ535ห ฉ.1 
  Barcode: 003388
ห้องสมุดวิทยาเขตสวรรค์ประชารักษ์
►หนังสือทั่วไป
บนชั้น

BibComment


ยังไม่เคยถูกคอมเมนท์

คอมเมนท์ทรัพยากรรายการนี้
  คอมเมนท์: เหมียวอินเจแปน ..


 Copyright 2026. Bcnsprnw @Library